| 000 | 00495nam a2200181Ia 4500 | ||
|---|---|---|---|
| 001 | 16729 | ||
| 008 | 140404s9999 xx 000 0 und d | ||
| 020 | _a0-13-271131-1 | ||
| 040 | _cPK-LaUMT | ||
| 082 |
_a 621.3815 _bHOW-M |
||
| 100 | _aCharles g. Sodini | ||
| 245 |
_aMicroelectronics: _bAn integrated approach. _cCharles g. Sodini<>Roger t. Howe |
||
| 260 |
_aLondon,UK: _bPrentice-Hall International, _c1997 |
||
| 300 | _a908 p. | ||
| 546 | _aEN | ||
| 700 | _aRoger t. Howe | ||
| 942 | _cBK | ||
| 999 |
_c17172 _d17172 |
||